<?xml version="1.0" encoding="UTF-8"?><?xml-stylesheet type="text/xsl" href="static/style.xsl"?><OAI-PMH xmlns="http://www.openarchives.org/OAI/2.0/" xmlns:xsi="http://www.w3.org/2001/XMLSchema-instance" xsi:schemaLocation="http://www.openarchives.org/OAI/2.0/ http://www.openarchives.org/OAI/2.0/OAI-PMH.xsd"><responseDate>2026-04-17T11:59:12Z</responseDate><request verb="GetRecord" identifier="oai:www.recercat.cat:2445/195952" metadataPrefix="marc">https://recercat.cat/oai/request</request><GetRecord><record><header><identifier>oai:recercat.cat:2445/195952</identifier><datestamp>2025-12-04T21:01:26Z</datestamp><setSpec>com_2072_1057</setSpec><setSpec>col_2072_478796</setSpec><setSpec>col_2072_478917</setSpec></header><metadata><record xmlns="http://www.loc.gov/MARC21/slim" xmlns:dcterms="http://purl.org/dc/terms/" xmlns:xsi="http://www.w3.org/2001/XMLSchema-instance" xmlns:doc="http://www.lyncode.com/xoai" xsi:schemaLocation="http://www.loc.gov/MARC21/slim http://www.loc.gov/standards/marcxml/schema/MARC21slim.xsd">
   <leader>00925njm 22002777a 4500</leader>
   <datafield ind2=" " ind1=" " tag="042">
      <subfield code="a">dc</subfield>
   </datafield>
   <datafield ind2=" " ind1=" " tag="720">
      <subfield code="a">Alarcón Avellán, Andreina</subfield>
      <subfield code="e">author</subfield>
   </datafield>
   <datafield ind2=" " ind1=" " tag="720">
      <subfield code="a">Busqué, Raquel</subfield>
      <subfield code="e">author</subfield>
   </datafield>
   <datafield ind2=" " ind1=" " tag="720">
      <subfield code="a">Andreu Arbella, Teresa</subfield>
      <subfield code="e">author</subfield>
   </datafield>
   <datafield ind2=" " ind1=" " tag="720">
      <subfield code="a">Guilera Sala, Jordi</subfield>
      <subfield code="e">author</subfield>
   </datafield>
   <datafield ind2=" " ind1=" " tag="260">
      <subfield code="c">2023-03-24T14:12:36Z</subfield>
   </datafield>
   <datafield ind2=" " ind1=" " tag="260">
      <subfield code="c">2023-03-24T14:12:36Z</subfield>
   </datafield>
   <datafield ind2=" " ind1=" " tag="260">
      <subfield code="c">2022-09-01</subfield>
   </datafield>
   <datafield ind2=" " ind1=" " tag="260">
      <subfield code="c">2023-03-24T14:12:36Z</subfield>
   </datafield>
   <datafield ind2=" " ind1=" " tag="520">
      <subfield code="a">A simple reactor design for the conversion of CO2 methanation into synthetic methane based on free convection is an interesting option for small-scale, decentralised locations. In this work, we present a heat-management design of a multi-tubular reactor assisted by CFD (Ansys Fluent®) as an interesting tool for scaling-up laboratory reactor designs. The simulation results pointed out that the scale-up of an individual reactive channel (d = 1/4′, H = 300 mm) through a hexagonal-shaped distribution of 23 reactive channels separated by 40 mm allows to obtain a suitable decreasing temperature profile (T = 487-230 °C) for the reaction using natural convection cooling. The resulting heat-management configuration was composed of three zones: (i) preheating of the reactants up to 230 °C, followed by (ii) a free-convection zone (1 m/s air flow) in the first reactor section (0-25 mm) to limit overheating and, thus, catalyst deactivation, followed by (iii) an isolation zone in the main reactor section (25-300 mm) to guarantee a proper reactor temperature and favourable kinetics. The evaluation of the geometry, reactive channel separation, and a simple heat-management strategy by CFD indicated that the implementation of an intensive reactor cooling system could be omitted with natural air circulation.</subfield>
   </datafield>
   <datafield tag="653" ind2=" " ind1=" ">
      <subfield code="a">Reactors químics</subfield>
   </datafield>
   <datafield tag="653" ind2=" " ind1=" ">
      <subfield code="a">Diòxid de carboni</subfield>
   </datafield>
   <datafield tag="653" ind2=" " ind1=" ">
      <subfield code="a">Metà</subfield>
   </datafield>
   <datafield tag="653" ind2=" " ind1=" ">
      <subfield code="a">Chemical reactors</subfield>
   </datafield>
   <datafield tag="653" ind2=" " ind1=" ">
      <subfield code="a">Carbon dioxide</subfield>
   </datafield>
   <datafield tag="653" ind2=" " ind1=" ">
      <subfield code="a">Methane</subfield>
   </datafield>
   <datafield ind2="0" ind1="0" tag="245">
      <subfield code="a">Design of a Multi-Tubular Catalytic Reactor Assisted by CFD Based on Free-Convection Heat-Management for Decentralised Synthetic Methane Production</subfield>
   </datafield>
</record></metadata></record></GetRecord></OAI-PMH>